000 00762nam a2200205 a 4500
001 000042035
005 20201002035911.0
008 131111s1989 sp 000 0 spa d
020 _a8400069498
040 _aDO-SdBNP
_bspa
_cBNPHU
100 1 _aIbn al-Ahmar, Isma'il b. Yusuf
_q(Ibn al-Ahmar)
_969011
245 1 0 _aRawdat al-nisrin fi dawlat Bani Marin /
_cintroducción y traducción anotada de Miguel Ángel Manzano.
260 _aMadrid :
_bCSIC,
_c1989.
300 _axxiv, 182 p. ;
_c24 cm.
504 _aBibliografía : 129-138.
500 _aIncluye índice
504 _aIncluye referencias bibliográficas y notas al pie de las paginas
700 1 _aManzano, Miguel,
_etr.
_969012
710 2 _aConsejo Superior de Investigaciones Científicas,
_94786
999 _c41524
_d41524